00657nam a2200181 4500001000700000003000900007005001700016007000300033008004100036100002900077245008500106260004500191300003400236700003200270852003200302999001900334952012200353148407ES-MaACL20230906202619.0t|070214s1966 sp r ||||1| spa d1 aStraub, Wilhelm.910839210aCatequesis en dibujos / cWilhelm Straub ; [versión... de José Luis Albizu]. aBarcelona : bHerder, c1966 (fGrafesa) aXX, 126 p. : bil. ; c22 cm.1 aAlbizu, José Luis.919396 aES-MaACLjC-30753 bR.70297 c148407d148407 00104070aATENEOMbATENEOMcDEPO2d2008-01-17eSCl0oC-30753p1154878r2023-02-23 00:00:00w2023-02-23yMONOGRAFIA